Transfer im Buch oder nur Import von Büchern?: Miniaturen aus der Ugelheimer-Sammlung und andere italienische Renaissance-Buchmalereien am Ende des 15. Jahrhunderts in Frankfurt und Mainz

Saved in:
Bibliographic Details
Main Author: Winterer, Christoph (Author)
Format: Chapter/Article Conference Paper
Language:German
Published: 2019
In: Kunsttransfer und Formgenese in der Kunst am Mittelrhein 1400-1500
Year: 2019, Pages: 327-336
Online Access: Get full text
Author Notes:Christoph Winterer

MARC

LEADER 00000caa a2200000 c 4500
001 1663014035
003 DE-627
005 20210518014724.0
007 tu
008 190409s2019 xx ||||| 00| ||ger c
035 |a (DE-627)1663014035 
035 |a (DE-599)KXP1663014035 
035 |a (OCoLC)1251439805 
040 |a DE-627  |b ger  |c DE-627  |e rda 
041 |a ger 
084 |a 02  |2 sdnb 
100 1 |a Winterer, Christoph  |d 1967-  |e VerfasserIn  |0 (DE-588)13080102X  |0 (DE-627)592099938  |0 (DE-576)188962603  |4 aut 
245 1 0 |a Transfer im Buch oder nur Import von Büchern?  |b Miniaturen aus der Ugelheimer-Sammlung und andere italienische Renaissance-Buchmalereien am Ende des 15. Jahrhunderts in Frankfurt und Mainz  |c Christoph Winterer 
264 1 |c 2019 
300 |b Illustrationen 
300 |a 10 
336 |a Text  |b txt  |2 rdacontent 
337 |a ohne Hilfsmittel zu benutzen  |b n  |2 rdamedia 
338 |a Band  |b nc  |2 rdacarrier 
773 0 8 |i Enthalten in  |a Tagung Frankfurt als Zentrum unter Zentren? Kunsttransfer und Formgenese am Mittelrhein 1400 - 1500 (2015 : Frankfurt am Main)  |t Kunsttransfer und Formgenese in der Kunst am Mittelrhein 1400-1500  |d Berlin : Gebr. Mann Verlag, 2019  |g (2019), Seite 327-336  |h 348 Seiten  |w (DE-627)1045958557  |z 3786128235  |z 9783786128236  |7 nnam 
773 1 8 |g year:2019  |g pages:327-336  |g extent:10  |a Transfer im Buch oder nur Import von Büchern? Miniaturen aus der Ugelheimer-Sammlung und andere italienische Renaissance-Buchmalereien am Ende des 15. Jahrhunderts in Frankfurt und Mainz 
889 |w (DE-627)1752478363 
951 |a AR 
992 |a 20200828 
993 |a ConferencePaper 
994 |a 2019 
998 |g 13080102X  |a Winterer, Christoph  |m 13080102X:Winterer, Christoph  |d 910000  |d 950000  |d 950950  |e 910000PW13080102X  |e 950000PW13080102X  |e 950950PW13080102X  |k 0/910000/  |k 1/910000/950000/  |k 2/910000/950000/950950/  |p 1  |x j  |y j 
999 |a KXP-PPN1663014035  |e 3743572052 
BIB |a Y 
JSO |a {"origin":[{"dateIssuedKey":"2019","dateIssuedDisp":"2019"}],"name":{"displayForm":["Christoph Winterer"]},"relHost":[{"part":{"extent":"10","year":"2019","pages":"327-336","text":"(2019), Seite 327-336"},"id":{"isbn":["3786128235","9783786128236"],"eki":["1045958557"]},"type":{"bibl":"book"},"origin":[{"dateIssuedDisp":"[2019]","publisher":"Gebr. Mann Verlag","publisherPlace":"Berlin","dateIssuedKey":"2019"}],"corporate":[{"display":"Tagung Frankfurt als Zentrum unter Zentren? Kunsttransfer und Formgenese am Mittelrhein 1400 - 1500 (2015, Frankfurt am Main)","role":"aut"}],"person":[{"display":"Büchsel, Martin","given":"Martin","role":"edt","family":"Büchsel"},{"family":"Droste","role":"edt","given":"Hilja","display":"Droste, Hilja"},{"display":"Wagner, Berit","given":"Berit","role":"edt","family":"Wagner"}],"note":["Vorwort: \"Der vorliegende Sammelband ist das Ergebnis der internationalen Tagung \"Frankfurt als Zentrum unter Zentren. Kulturtransfer und Kunstgenese am Mittelrhein 1400-1500\""],"title":[{"title":"Kunsttransfer und Formgenese in der Kunst am Mittelrhein 1400-1500","title_sort":"Kunsttransfer und Formgenese in der Kunst am Mittelrhein 1400-1500"}],"physDesc":[{"noteIll":"Illustrationen","noteFormat":"25 cm","extent":"348 Seiten"}],"disp":"Tagung Frankfurt als Zentrum unter Zentren? Kunsttransfer und Formgenese am Mittelrhein 1400 - 1500 (2015 : Frankfurt am Main)Kunsttransfer und Formgenese in der Kunst am Mittelrhein 1400-1500","language":["ger"],"name":{"displayForm":["Martin Büchsel, Hilja Droste, Berit Wagner (Hg.)"]},"relMultPart":[{"id":{"eki":["503972312"],"zdb":["2212709-4"]},"part":{"number":["Band 20"],"number_sort":["20"]},"origin":[{"publisherPlace":"Berlin","dateIssuedKey":"2005","publisher":"Gebr. Mann","dateIssuedDisp":"2005-"}],"disp":"Neue Frankfurter Forschungen zur Kunst","type":{"bibl":"serial"},"language":["ger"],"dispAlt":"Neue Frankfurter Forschungen zur Kunst","recId":"503972312","title":[{"title":"Neue Frankfurter Forschungen zur Kunst","title_sort":"Neue Frankfurter Forschungen zur Kunst"}],"pubHistory":["1.2005 -"]}],"recId":"1045958557"}],"type":{"bibl":"chapter"},"language":["ger"],"id":{"eki":["1663014035"]},"physDesc":[{"extent":"10 S.","noteIll":"Illustrationen"}],"recId":"1663014035","title":[{"subtitle":"Miniaturen aus der Ugelheimer-Sammlung und andere italienische Renaissance-Buchmalereien am Ende des 15. Jahrhunderts in Frankfurt und Mainz","title_sort":"Transfer im Buch oder nur Import von Büchern?","title":"Transfer im Buch oder nur Import von Büchern?"}],"person":[{"given":"Christoph","display":"Winterer, Christoph","family":"Winterer","role":"aut"}]} 
SRT |a WINTERERCHTRANSFERIM2019